|
|
|
|
| LEADER |
00000cam a2200000 i 4500 |
| 001 |
1/40491 |
| 008 |
030912s1999 gr | ||| |||| ||gre|| |
| 020 |
|
|
|a 9602744340
|
| 035 |
|
|
|l 10070817
|
| 040 |
|
|
|a GR-MY-UA
|b gre
|e aacr
|
| 041 |
1 |
|
|a gre
|h eng
|
| 082 |
0 |
|
|a 808.0683
|
| 100 |
1 |
|
|a Rowling, J. K.
|
| 245 |
1 |
2 |
|a Ο Χάρι Πότερ και ο αιχμάλωτος του Αζκαμπάν /
|c Τζ. Κ. Ρόουλινγκ ; μετάφραση Καίτη Οικονόμου.
|
| 260 |
|
|
|a Αθήνα :
|b Ψυχογιός,
|c c1999.
|
| 300 |
|
|
|a 459 σ. ;
|c 21 εκ.
|
| 500 |
|
|
|a Τίτλος πρωτοτύπου: Harry Potter and the prisoner of Azkaban
|
| 650 |
0 |
0 |
|a Young adult literature.
|
| 650 |
0 |
0 |
|a Young adult fiction, English.
|
| 700 |
1 |
|
|a Οικονόμου, Καίτη,
|d 1955-2014,
|e trlf
|
| 852 |
|
|
|a INST
|b SAMOS
|e 20030912
|h 808.0683 ROW
|p 005300023897
|q 005300046223
|t BK
|y 0
|
| 901 |
|
|
|a BIBL3-2003-3
|
| 909 |
|
|
|a Σ
|b 087999
|
| 970 |
|
|
|a ΧΑΤΖΗΠΑΝΑΓΙΩΤΟΥ
|b ΚΥΡΙΑΚΗ
|z 2003/09/12
|